Ninja originaire de Konoha - Statistiques

Statistiques générales
  • Ce quiz a été pris 139 fois
  • Le résultat moyen est 7 sur 12
Answers on the Grid
Answers color-coded by a green-red scale on the quiz's grid according to % correct below.
Madara
Zetsu
Killer Bee
Nagato
Orochimaru
Konan
Yahiko
Deidara
Hidan
Kakuzu
Baki
Itachi
Kisame
Juzo Biwa
Asuma
Ichiraku
Kinkaku
Ginkaku
Hagoromo
Naruto
Kabuto
Tenma
Sakura
Jiraya
Hiruzen
Sasori
Gaara
Iwabi
Kankurô
Minato
 
Statistiques - réponses
Réponse % Correct
Madara
88%
Itachi
79%
Asuma
75%
Orochimaru
74%
Naruto
71%
Ichiraku
64%
Sakura
59%
Hiruzen
58%
Jiraya
55%
Minato
55%
Tenma
21%
Iwabi
18%
Aucun quiz correspondant
Distribution des résultats
% des personnes avec chaque résultat
Percentile par nombre de réponses
Votre historique - résultats
Vous n’avez pas pris ce quiz